Welthandels-Informationen : Europa Technic.

Uložené v:
Podrobná bibliografia
Nový názov:Europatechnic
Predchádzajúci názov:Exclusive Welthandels-Informationen zur Förderung der Ost-West-Kontakte
Médium: Časopis
Jazyk:German
Vydané: Coburg : K. Ihl., 1968-1976.
Tagy: Pridať tag
Žiadne tagy, Buďte prvý kto otaguje tento záznam!

MARC

LEADER 00000nas a2200000 a 4500
001 000309727
003 SVKK
005 20200603180151.0
008 040805d19681976gw r|p||| |0 a0ger c
022 |a 0014-2735 
040 |a KE001  |b slo  |e AACR2 
041 0 |a ger 
044 |a gw  |c DE 
245 0 0 |a Welthandels-Informationen :  |b Europa Technic. 
246 1 0 |a Europa Technik 
260 |a Coburg :  |b K. Ihl.,  |c 1968-1976. 
310 |a 1x mesačne 
780 0 0 |t Exclusive Welthandels-Informationen zur Förderung der Ost-West-Kontakte  |x 0344-0273 
785 0 0 |t Europatechnic  |x 0934-1986 
910 |a KE001  |b C.3980 
998 |a SE 
090 |g CASOS  |k Sklad  |a C.3980  |i 2720737712  |s Zviazaný časopis 
090 |g CASOS  |k Sklad  |a C.3980  |i 2720737836  |s Zviazaný časopis 
090 |g CASOS  |k Sklad  |a C.3980  |i 2720737846  |s Zviazaný časopis 
090 |g CASOS  |k Sklad  |a C.3980  |i 2720737847  |s Zviazaný časopis